000 00354nam a22001217a 4500
999 _c10308
_d10308
003 OSt
008 201218b ||||| |||| 00| 0 eng d
245 _aIndian Journal of Mechanics and Thermodynamics
250 _a2013(Vol.1 No.2)
260 _aNew Delhi
_bOcean Research Journals
650 _aElectronics and Communication Engineering
942 _2ddc
_cBV